Application of Nanomaterials in Biomedical Imaging and Cancer Therapy (Record no. 25820)

MARC details
000 -LEADER
fixed length control field 01298nam a2200133Ia 4500
008 - FIXED-LENGTH DATA ELEMENTS--GENERAL INFORMATION
fixed length control field 220620s9999||||xx |||||||||||||| ||und||
020 ## - INTERNATIONAL STANDARD BOOK NUMBER
International Standard Book Number 9783040000000
245 #0 - TITLE STATEMENT
Title Application of Nanomaterials in Biomedical Imaging and Cancer Therapy
546 ## - LANGUAGE NOTE
Language note English[eng]
650 ## - SUBJECT ADDED ENTRY--TOPICAL TERM
Topical term or geographic name entry element nanoparticles||anisotropy||plasmonic photothermal therapy||surface plasmon resonance||light scattering||cancer treatment||drug release||microgels||gold nanorods||cancer therapy||photothermal therapy||photoacoustic imaging||lung cancer||EGFR-targeting||nanoparticle||cancer||immunotherapy||pH-responsive||drug delivery||application||biomedical imaging||correlative microscopy||3D CLEM||volume imaging||NIR-triggered||photothermal agent||deep tissue||upconversion nanoparticles||silica-coated UCNPs||bio-imaging||bio-application||gold nanoparticles||spiky nanoparticles||phototheranostics||colon cancer cells||NIR triggering||gold nanoparticle||nanoparticle-enhanced radiotherapy||MR-guided radiotherapy||DNA damage||Monte Carlo simulation||dose enhancement||magnetic field||phototherapy||photodynamic therapy||Co-Fe ferrite nanoparticles||magnetic hyperthermia||specific loss power||optimization||alternative therapy||n/a
700 ## - ADDED ENTRY--PERSONAL NAME
Personal name Chow, James C L
856 ## - ELECTRONIC LOCATION AND ACCESS
Uniform Resource Identifier <a href="https://mdpi.com/books/pdfview/book/5197">https://mdpi.com/books/pdfview/book/5197</a>
942 ## - ADDED ENTRY ELEMENTS (KOHA)
Koha item type E-Books
Holdings
Withdrawn status Lost status Damaged status Not for loan Home library Current library Date acquired Total Checkouts Date last seen Price effective from Koha item type
        Kerala University of Digital Sciences, Innovation and Technology Knowledge Centre Kerala University of Digital Sciences, Innovation and Technology Knowledge Centre 20/06/2022   20/06/2022 20/06/2022 E-Books